| 000 | 00694cab a2200229 4500 | ||
|---|---|---|---|
| 001 | WB3503-46 | ||
| 008 | 090401t1999 xxu||||| |||| 00| 0 eng d | ||
| 035 | _a(Sirsi) u90760 | ||
| 041 | _aeng | ||
| 245 | _aSuing over illness | ||
| 260 | _c1999 | ||
| 350 | _a0 | ||
| 490 |
_aTimes _v18 January 1999, 6(1) |
||
| 520 | _aFarmers are to be made liable for compensation for any illness caused by the food they produce. The European Parliament is expected to approve the measure in March 1999. | ||
| 650 | _aCOMPENSATION | ||
| 650 | _aCONSUMER PROTECTION ACT 1987 | ||
| 650 | _aFOOD PRODUCTION | ||
| 650 | _aLIABILITY | ||
| 690 | _aRURAL PRACTICE | ||
| 942 | _n0 | ||
| 948 | _c19/01/1999 | ||
| 999 |
_c57556 _d57556 |
||